<?xml version="1.0" encoding="UTF-8"?>
<record
    xmlns:xsi="http://www.w3.org/2001/XMLSchema-instance"
    xsi:schemaLocation="http://www.loc.gov/MARC21/slim http://www.loc.gov/standards/marcxml/schema/MARC21slim.xsd"
    xmlns="http://www.loc.gov/MARC21/slim">

  <leader>01223nam a22002297a 4500</leader>
  <controlfield tag="005">20220219100321.0</controlfield>
  <controlfield tag="008">220216b           ||||| |||| 00| 0 eng d</controlfield>
  <datafield tag="020" ind1=" " ind2=" ">
    <subfield code="a">9780077158958</subfield>
  </datafield>
  <datafield tag="040" ind1=" " ind2=" ">
    <subfield code="c">AL</subfield>
  </datafield>
  <datafield tag="041" ind1=" " ind2=" ">
    <subfield code="a">eng</subfield>
  </datafield>
  <datafield tag="082" ind1=" " ind2=" ">
    <subfield code="2">23</subfield>
    <subfield code="a">657.48</subfield>
    <subfield code="b">LIBF</subfield>
  </datafield>
  <datafield tag="100" ind1=" " ind2=" ">
    <subfield code="a">Robert Libby</subfield>
    <subfield code="9">20192</subfield>
  </datafield>
  <datafield tag="245" ind1=" " ind2=" ">
    <subfield code="a">Financial Accounting</subfield>
  </datafield>
  <datafield tag="250" ind1=" " ind2=" ">
    <subfield code="a">8th ed.</subfield>
  </datafield>
  <datafield tag="260" ind1=" " ind2=" ">
    <subfield code="a">New York</subfield>
    <subfield code="b">McGraw Hill</subfield>
    <subfield code="c">2014</subfield>
  </datafield>
  <datafield tag="300" ind1=" " ind2=" ">
    <subfield code="a">xxxix,688,A3,B34,C26,E40,G5,IND18p.</subfield>
    <subfield code="b">PB</subfield>
    <subfield code="c">27.5x22.7cm.</subfield>
  </datafield>
  <datafield tag="365" ind1=" " ind2=" ">
    <subfield code="2">General</subfield>
    <subfield code="a">ABDI/0547/22</subfield>
    <subfield code="b">&#x20B9;2246.25</subfield>
    <subfield code="c">&#x20B9;</subfield>
    <subfield code="d">&#x20B9;2995.00</subfield>
    <subfield code="e">25%</subfield>
    <subfield code="f">07-02-2022</subfield>
  </datafield>
  <datafield tag="520" ind1=" " ind2=" ">
    <subfield code="a">This is NOT the TEXT BOOK. You are buying SOLUTIONS MANUAL for Financial Accounting Global Edition 8th Edition by Libby.
Solutions Manual comes in a PDF or Word format and available for download only.Financial Accounting Global Edition 8th Edition Libby Libby Solutions Manual only NO Test Bank for the Text book included on this purchase. If you want the Test Bank please search on the search box. All orders are placed anonymously. Your purchase details will be hidden according to our website privacy and be deleted automatically.</subfield>
  </datafield>
  <datafield tag="650" ind1=" " ind2=" ">
    <subfield code="2">Accounting</subfield>
    <subfield code="a">Financial Accounting</subfield>
    <subfield code="9">20193</subfield>
  </datafield>
  <datafield tag="700" ind1=" " ind2=" ">
    <subfield code="a">Libby,Patricia A</subfield>
    <subfield code="d">Short,Daniel G</subfield>
    <subfield code="9">20194</subfield>
  </datafield>
  <datafield tag="942" ind1=" " ind2=" ">
    <subfield code="2">ddc</subfield>
    <subfield code="c">BK</subfield>
  </datafield>
  <datafield tag="999" ind1=" " ind2=" ">
    <subfield code="c">221517</subfield>
    <subfield code="d">221517</subfield>
  </datafield>
  <datafield tag="952" ind1=" " ind2=" ">
    <subfield code="0">0</subfield>
    <subfield code="1">0</subfield>
    <subfield code="2">ddc</subfield>
    <subfield code="4">0</subfield>
    <subfield code="7">0</subfield>
    <subfield code="8">MCOM</subfield>
    <subfield code="a">SACPG</subfield>
    <subfield code="b">SACPG</subfield>
    <subfield code="d">2022-02-16</subfield>
    <subfield code="e">Academic Book Distributors</subfield>
    <subfield code="g">2246.25</subfield>
    <subfield code="l">0</subfield>
    <subfield code="o">657.48 LIBF</subfield>
    <subfield code="p">PG023603</subfield>
    <subfield code="r">2022-08-24 00:00:00</subfield>
    <subfield code="v">2995.00</subfield>
    <subfield code="w">2022-02-16</subfield>
    <subfield code="y">BK</subfield>
  </datafield>
</record>
